00537nam a2200157Ia 450000500170000000800410001708200130005810000210007124500620009226000390015430000130019350000540020694200060026095200980026699900150036420250317133845.0240331s9999 xx 000 0 und d bKANa894 aKaneshlingham, S 0aVilankilla adimaikal :boru samakala varalaattup puthinam aChennaibKumaran Pathippagamc1991 a132 p ., aIlanagaiyin theshiya ina pirachanai patriya novel cL 001040708LaWERCLbWERCLcSSCd2024-03-31l0o 894.811 KANp800r2024-03-31w2024-03-31yL c4197d4197